Rasskazy / (Record no. 182262)

MARC details
000 -LEADER
campo de control de longitud fija 00555nam a2200169 i 4500
001 - NÚMERO DE CONTROL
campo de control 182262
003 - IDENTIFICADOR DE NÚMERO DE CONTROL
campo de control ES-MaACL
005 - FECHA Y HORA DE LA ÚLTIMA TRANSACCIÓN
campo de control 20251125063450.0
008 - DATOS DE LONGITUD FIJA--INFORMACIÓN GENERAL
campo de control de longitud fija 130729s1959 ru |||| | rus d
100 1# - ENTRADA PRINCIPAL--NOMBRE DE PERSONA
Nombre de persona Andreev, Leonid Nikolaevich,
Fechas asociadas al nombre 1871-1919
9 (RLIN) 242530
245 11 - MENCIÓN DEL TÍTULO
Título Rasskazy /
Mención de responsabilidad, etc. Leonid Andreev.
260 ## - PUBLICACIÓN, DISTRIBUCIÓN, ETC.
Lugar de publicación, distribución, etc. [Moscú :
Nombre del editor, distribuidor, etc. s.n.,
Fecha de publicación, distribución, etc. 1959]
300 ## - DESCRIPCIÓN FÍSICA
Extensión 84 p. ;
Dimensiones 20 cm.
500 ## - NOTA GENERAL
Nota general Texto ruso con grafía cirílica.
852 ## - LOCALIZACIÓN
Ubicación ES-MaACL
Número de control de estantería 2315-F-12
Nota libre .- Donat. herederos de la bibl. de Mª del Pilar Costa Palacín
Holdings
Estatus retirado Estado de pérdida Estado de daño No para préstamo Colección Biblioteca de origen Biblioteca actual Ubicación en estantería Fecha de adquisición Fuente de adquisición Total de préstamos Signatura topográfica completa Código de barras Visto por última vez Precio de reemplazo Tipo de ítem Koha
        Colección de folletos Biblioteca del Ateneo de Madrid Biblioteca del Ateneo de Madrid Depósito folletos 29/07/2013     2315-F-12 1191538 23/02/2023 23/02/2023 Folleto